Statistics for NFL Draft 2nd Overall Picks

Click here to take the quiz!

General Stats

  • This quiz has been taken 4,438 times
    (131 since last reset)
  • The average score is 15 of 40

Answer Stats

Year Team College Player % Correct
2018GiantsPenn StateSaquon Barkley
99%
2016EaglesNorth Dakota StateCarson Wentz
96%
2015TitansOregonMarcus Mariota
94%
201949ersOhio StateNick Bosa
93%
2017BearsNorth CarolinaMitchell Trubisky
90%
2012RedskinsBaylorRobert Griffin III
90%
2007LionsGeorgia TechCalvin Johnson
75%
2011BroncosTexas A&MVon Miller
68%
2006SaintsUSCReggie Bush
60%
2010LionsNebraskaNdamukong Suh
55%
1999EaglesSyracuseDonovan McNabb
48%
1998ChargersWashington StateRyan Leaf
42%
1988ChiefsNebraskaNeil Smith
39%
2005DolphinsAuburnRonnie Brown
39%
2009RamsBaylorJason Smith
39%
2014RamsAuburnGreg Robinson
37%
2002PanthersNorth CarolinaJulius Peppers
37%
1981GiantsNorth CarolinaLawrence Taylor
37%
2008RamsVirginiaChris Long
36%
1983RamsSMUEric Dickerson
31%
2013JaguarsTexas A&MLuke Joeckel
30%
1994ColtsSan Diego StateMarshall Faulk
27%
1990JetsPenn StateBlair Thomas
24%
1980JetsTexasLam Jones
24%
2003LionsMichigan StateCharles Rogers
21%
2000RedskinsPenn StateLaVar Arrington
20%
2004RaidersIowaRobert Gallery
19%
1993SeahawksNotre DameRick Mirer
18%
1995JaguarsUSCTony Boselli
18%
1989PackersMichigan StateTony Mandarich
15%
1996JaguarsIllinoisKevin Hardy
11%
2001CardinalsTexasLeonard Davis
10%
1997RaidersUSCDarrell Russell
9%
1985FalconsPittsburghBill Fralic
9%
1992ColtsTexas A&MQuentin Coryatt
8%
1987ColtsAlabamaCornelius Bennett
7%
1991BrownsUCLAEric Turner
6%
1986FalconsOklahomaTony Casillas
4%
1982ColtsMississippi StateJohnie Cooks
4%
1984OilersNebraskaDean Steinkuhler
4%

Score Distribution

Percentile by Number Answered

Percent of People with Each Score

Your Score History

You have not taken this quiz since the last reset